000 00298nam a2200133Ia 4500
008 230312s9999||||xx |||||||||||||| ||und||
082 _a302.35
_bCIM-O
100 _aCima
245 0 _aOrganizational Management
260 _bKaplan
_auk
_c2014
300 _a504
650 _aManagement
942 _cBK
999 _c4574
_d4574